[Event "KUW-ch"]
[Site "Kuwait City"]
[Date "2024.02.01"]
[Round "9"]
[White "Almuhaini, Abdulaziz"]
[Black "Alasfour, Zaid"]
[Result "1-0"]
[WhiteElo "1374"]
[BlackElo "1188"]
[PlyCount "79"]
[EventDate "2024.01.22"]
[EventType "swiss"]
[EventRounds "9"]
[EventCountry "KUW"]
[SourceTitle "CBM 218 Extra"]
[Source "ChessBase"]
[SourceDate "2024.03.31"]
[SourceVersion "1"]
[SourceVersionDate "2024.03.31"]
[SourceQuality "1"]

1. e4 d6 2. Nf3 Nf6 3. Nc3 g6 4. Be2 Bg7 5. 0-0 0-0 6. d4 Bg4 7. h3 Bxf3 8. Bxf3 e5 9. Be3 Nbd7 10. dxe5 dxe5 11. Qd2 Nb6 12. Qc1 Qe7 13. Rd1 Rfd8 14. Bg5 Qe6 15. Qe3 Rxd1+ 16. Rxd1 Ne8 17. Bg4 Qc6 18. b3 f6 19. Bh4 Bf8 20. Qd3 Bd6 21. Nd5 Nxd5 22. exd5 Qb6 23. Be6+ Kg7 24. Kf1 Bc5 25. c3 a5 26. Qf3 Rd8 27. g4 Qd6 28. Re1 Qf8 29. Rxe5 g5 30. Bxg5 fxg5 31. Rxg5+ Kh6 32. Rh5+ Kg7 33. Bf5 h6 34. g5 Rd6 35. gxh6+ Rxh6 36. Qg3+ Kh8 37. Qg6 Rxh5 38. Qxh5+ Kg7 39. Qg6+ Kh8 40. Qh7# 1-0